| 000 | 00525nam a2200169Ia 4500 | ||
|---|---|---|---|
| 008 | 151213s9999 xx 000 0 und d | ||
| 020 | _a984-8441-05-5 | ||
| 100 | _aমো: ফারুক খান | ||
| 245 |
_aহিন্দু আইন। _cমো: ফারুক খান |
||
| 250 | _a১ম | ||
| 260 |
_aঢাকা _bড্ইানামিক পাবলিকেশন্স _c1997 |
||
| 300 | _a5082 p. | ||
| 650 | _aLaw | ||
| 650 | _aLaw | ||
| 700 | _aমো: ফারুক খান | ||
| 999 |
_c3138 _d3138 |
||